| 000 | 00450nam a2200169 i 4500 | ||
|---|---|---|---|
| 001 | 49470 | ||
| 003 | ES-MaACL | ||
| 005 | 20230906161954.0 | ||
| 007 | t| | ||
| 008 | 030716s1939 sp ||||1| spa d | ||
| 100 | 0 |
_aCossío, Francisco de. _941014 |
|
| 245 | 1 | 0 |
_aManolo / _cFrancisco Cossío. |
| 250 | _a2ª ed. | ||
| 260 |
_aValladolid : _b[s.n.], _c1939 ( _fImp. Castellana) |
||
| 300 |
_a226 p. ; _c15 cm. |
||
| 852 |
_aES-MaACL _jA-5144 _bR.18112 |
||
| 999 |
_c49470 _d49470 |
||